01025nam a22002417a 4500999001300000003000900013008004100022040007100063082001700134100002500151245009600176260004500272300002900317505019200346650001700538650003500555650002200590650001900612650002000631942001600651945002000667952009600687  c571d571AR-CdUCM190225b           ||||| |||| 00| 0 spa d  aMUNICIPALIDAD PROVINCIAL DEL CUSCOcBIBLIOTECA MUNICIPAL DEL CUSCO  a922 / bR666  aRobles Ortiz, Elmer   aEducación y Ciencias Sociales en el pensamiento de José de Acosta /cElmer Robles Ortiz  aPerú :bLibertad E. I. R. L. ; c1990.  a170 páginas. :c20 cm.  aContenido: Problemas con el virrey Toledo -- Escritos de Acosta -- Los procedimientos usados por el cronista en la investigación -- La compañía de Jesús -- El nombre de Indias ...  aIndias92222  aPoblamiento de América92223  aCrónicas 92224  aNativos 92225  aLeyendas 92226  2ddccLIBROS  anomd2019-02-25  002ddc4070aSHbSHcCARTd2019-02-25g7.00o922 /  R666pSH0000000691r2019-02-25yLIBROS